Frissdiplomások képzés-fejlesztésének szerepe és fejlesztése a MOL Nyrt. GROWWW programján keresztül

Bibliográfiai részletek
Szerző: Kontra Enikő
További közreműködők: Réthi Dr. Gábor
Dokumentumtípus: Diplomadolgozat
Kulcsszavak:Frissdiplomás
Képzésfejlesztés
Y generáció
Online Access:http://dolgozattar.uni-bge.hu/17285

MARC

LEADER 00000nta a2200000 i 4500
001 dolg17285
005 20180517083409.0
008 180517suuuu hu om 000 hun d
040 |a BGE Dolgozattár Repozitórium  |b hun 
041 |a hu 
100 1 |a Kontra Enikő 
245 1 0 |a Frissdiplomások képzés-fejlesztésének szerepe és fejlesztése a MOL Nyrt. GROWWW programján keresztül  |c Kontra Enikő  |h [elektronikus dokumentum] 
246 1 1 |a Frissdiplomások képzés-fejlesztésének szerepe és fejlesztése a MOL Nyrt. GROWWW programján keresztül 
695 |a Frissdiplomás 
695 |a Képzésfejlesztés 
695 |a Y generáció 
700 1 |a Réthi Dr. Gábor  |e ths 
856 4 0 |u http://dolgozattar.uni-bge.hu/17285/1/Szakdolgozat_KontraEnik%C5%91.pdf  |z Dokumentum-elérés 
856 4 0 |u http://dolgozattar.uni-bge.hu/17285/2/Titkos%C3%ADt%C3%A1si%20k%C3%A9relem_KontraEnik%C5%91.pdf  |z Dokumentum-elérés